| 000 | 00468nam a2200133 a 4500 | ||
|---|---|---|---|
| 001 | 5051 | ||
| 003 | CDMR | ||
| 005 | 20130313114328.0 | ||
| 008 | 130130s2001||||||||||||||||||||||||||||d | ||
| 040 |
_aCDMR _bcat _cCPC GIRONA |
||
| 245 | 0 | 3 |
_aLa percepción de los estudiantes y graduados sobre la Universidad Pública _b: VII Jornada de Trabajo de los Consejos Sociales de las Universidades Públicas Catalanas |
| 260 |
_c2001 _bUniversitat de Girona _aGirona |
||
| 942 |
_cMON _2udc |
||
| 999 |
_c5051 _d5051 |
||